=LDR 00000nam 2200000 4500 =001 INLIS000000000035747 =005 20130612141601 =008 ***********************************Ind** =035 ##$$0010-061300000035747 =041 ##$$a Ind =100 ##$$a Candra, Julius =245 ##$$a Kreativitas =260 ##$$a 1994 $b Yogyakarta =300 ##$$a 186 hlm, ilus, 19 cm =650 ##$$a Kreativitas =850 ##$$a NBPNMAT